| 000 | 00000nam##2200000za#4500 |
| 001 | 9.606176 |
| 003 | CaOODSP |
| 005 | 20220901164728 |
| 007 | cr ||||||||||| |
| 008 | 150406|2007||||xxc|||||o f|0| 0 fre|d |
| 040 | |aCaOODSP|bfre |
| 043 | |an-cn--- |
| 086 | 1 |aJ3-2/2007-6F-PDF |
| 110 | 1 |aCanada.|bJustice Canada. |
| 245 | 10|aBibliographie annotée de droit comparé et de droit international concernant le mariage forcé |h[ressource électronique] |
| 260 | |bJustice Canada |cAoût 2007. |
| 300 | |a70p. |
| 490 | 1 |aMinistère de la justice - rapport de recherche |
| 590 | |a13-22-Supp|b2013-09-26 |
| 775 | 08|tAnnotated bibliography on comparative and international law relating to forced marriage / |w(CaOODSP)9.577625 |
| 830 | #0|aRapport de recherche (Canada. Ministère de la justice. Division de la recherche et de la statistique)|w(CaOODSP)9.501474 |
| 856 | 40|ahttp://publications.gc.ca|qPDF|s241 Ko|uhttps://publications.gc.ca/collections/collection_2013/jus/J3-2-2007-6-fra.pdf |